01789nam a2200385 a 4500001001200000003000800012006001900020007001500039008004100054010001700095020001500112020001800127020002700145040002100172035002100193041001300214050002200227082001700249245020000266260006000466300003100526500015800557504005600715533015200771546006500923650005800988655002901046700003001075700002901105700002501134700002001159710008101179710001701260856012601277ebr10695209CaPaEBRm u cr cn|||||||||100730s2010 enkab sb 100 0 eng d z 2010281453 z1842174010 z9781842174012 z9781842178782 (e-book) aCaPaEBRcCaPaEBR a(OCoLC)8411725310 aengafre14aTN16b.A53 2010eb04a622.090122300aAncient mines and quarriesh[electronic resource] :ba trans-Atlantic perspective /cedited by Margaret Brewer-LaPorta, Adrian Burke and David Field ; peer reviewed by Martyn Barber ... [et al.]. aOxford, U.K. ;aOakville, Conn. :bOxbow Books,cc2010. axii, 194 p. :bill., maps. a"This volume derives from a meeting ... held at the Society for American Archaeology Annual Symposium in San Juan, Puerto Rico in 2006"--p. [4] of cover. aIncludes bibliographical references (p. [173]-194). aElectronic reproduction.bPalo Alto, Calif. :cebrary,d2013.nAvailable via World Wide Web.nAccess may be limited to ebrary affiliated libraries. aText primarily in English, with two contributions in French. 0aMines and mineral resources, PrehistoricvCongresses. 7aElectronic books.2local1 aBrewer-LaPorta, Margaret.1 aBurke, Adrian L.,d1965-1 aField, David,d1950-1 aBarber, Martyn.2 aSociety for American Archaeology.bMeetingn(71st :d2006 :cSan Juan, P.R.)2 aebrary, Inc.40uhttp://site.ebrary.com/lib/rucke/Doc?id=10695209zAn electronic book accessible through the World Wide Web; click to view